Distritos da Paraíba em um Mapa - Statistics

Estatísticas Gerais
  • Esse quiz foi jogado 79 vezes
  • A pontuação média é 58 de 297
Respostas no mapa
Respostas codificadas por cores de uma escala verde-vermelha no mapa do quiz de acordo com a % correta abaixo.
 
Estatísticas das Respostas
Município Distrito % Correto
João Pessoa João Pessoa
81%
Campina Grande Campina Grande
73%
Cabedelo Cabedelo
59%
Patos Patos
59%
Cajazeiras Cajazeiras
54%
Sousa Sousa
54%
Bayeux Bayeux
52%
Santa Rita Santa Rita
49%
Campina Grande Catolé
48%
Lagoa Lagoa
44%
Areia Areia
43%
Bananeiras Bananeiras
43%
Conde Conde
41%
Mari Mari
41%
Catolé do Rocha Catolé do Rocha
40%
Conceição Conceição
40%
Belém Belém
38%
Esperança Esperança
38%
Ingá Ingá
38%
Lucena Lucena
38%
Monteiro Monteiro
38%
Pedras de Fogo Pedras de Fogo
38%
Santa Luzia Santa Luzia
38%
Cacimbas São Sebastião
38%
Araruna Araruna
37%
Baía da Traição Baía da Traição
37%
Boa Vista Boa Vista
37%
Cabaceiras Cabaceiras
37%
Cuité Cuité
37%
Diamante Diamante
37%
Nova Olinda Nova Olinda
37%
Pitimbu Pitimbu
37%
Princesa Isabel Princesa Isabel
37%
Sapé Sapé
37%
Aguiar Aguiar
35%
Alagoa Grande Alagoa Grande
35%
Boqueirão Boqueirão
35%
Congo Congo
35%
Itaporanga Itaporanga
35%
Mamanguape Mamanguape
35%
Pombal Pombal
35%
São Domingos São Domingos
35%
Serra Branca Serra Branca
35%
Taperoá Taperoá
35%
Umbuzeiro Umbuzeiro
35%
Arara Arara
33%
Areial Areial
33%
Lagoa Seca Lagoa Seca
33%
Mato Grosso Mato Grosso
33%
Santa Inês Santa Inês
33%
São Bento São Bento
33%
Alagoa Nova Alagoa Nova
32%
Brejo do Cruz Brejo do Cruz
32%
Itabaiana Itabaiana
32%
Rio Tinto Rio Tinto
32%
Santa Cruz Santa Cruz
32%
Água Branca Água Branca
30%
Aparecida Aparecida
30%
Aroeiras Aroeiras
30%
Guarabira Cachoeira
30%
Malta Malta
30%
Massaranduba Massaranduba
30%
Nova Floresta Nova Floresta
30%
Ouro Velho Ouro Velho
30%
Piancó Piancó
30%
Prata Prata
30%
Salgadinho Salgadinho
30%
Santo André Santo André
30%
Alagoinha Alagoinha
29%
Alhandra Alhandra
29%
Barra de São Miguel Barra de São Miguel
29%
Boa Ventura Boa Ventura
29%
Imaculada Imaculada
29%
Mataraca Mataraca
29%
Mulungu Mulungu
29%
Paulista Paulista
29%
Riachão Riachão
29%
São Francisco São Francisco
29%
São João do Cariri São João do Cariri
29%
Serra Grande Serra Grande
29%
Serra Redonda Serra Redonda
29%
Baraúna Baraúna
27%
Belém do Brejo do Cruz Belém do Brejo do Cruz
27%
Bom Jesus | São José de Piranhas Bom Jesus
27%
Bom Sucesso | Soledade Bom Sucesso
27%
Borborema Borborema
27%
Caaporã Caaporã
27%
Cachoeira dos Índios Cachoeira dos Índios
27%
Cacimbas Cacimbas
27%
Guarabira Guarabira
27%
Marcação Marcação
27%
Pocinhos Nazaré
27%
Passagem Passagem
27%
Pocinhos Pocinhos
27%
Santa Helena Santa Helena
27%
Teixeira Teixeira
27%
Triunfo Triunfo
27%
Assunção Assunção
25%
Caiçara Caiçara
25%
Juru Juru
25%
Livramento Livramento
25%
Nova Palmeira Nova Palmeira
25%
Pedra Branca Pedra Branca
25%
Santa Cecília Santa Cecília
25%
Santa Teresinha Santa Teresinha
25%
São João do Tigre São João do Tigre
25%
São José do Sabugi São José do Sabugi
25%
Serra da Raiz Serra da Raiz
25%
Várzea Várzea
25%
Cruz do Espírito Santo Cruz do Espírito Santo
24%
Jericó Jericó
24%
Monte Horebe Monte Horebe
24%
Olho d'Água Olho d'Água
24%
São José de Piranhas São José de Piranhas
24%
São José doBrejo do Cruz São José doBrejo do Cruz
24%
Sobrado Sobrado
24%
Sossêgo Sossêgo
24%
Sumé Sumé
24%
Tacima Tacima
24%
Areia de Baraúnas Areia de Baraúnas
22%
Itabaiana Campo Grande
22%
Desterro Desterro
22%
Fagundes Fagundes
22%
Cachoeira dos Índios Fátima
22%
Itatuba Itatuba
22%
Pilar Pilar
22%
Queimadas Queimadas
22%
São João do Tigre Santa Maria
22%
Serraria Serraria
22%
Amparo Amparo
21%
Barra de Santa Rosa Barra de Santa Rosa
21%
Bonito de Santa Fé Bonito de Santa Fé
21%
Ibiara Cachoeirinha
21%
Caraúbas Caraúbas
21%
Paulista Ipueiras
21%
Picuí Picuí
21%
Poço Dantas Poço Dantas
21%
Quixaba Quixaba
21%
Sertãozinho Sertãozinho
21%
Salgado de São Félix Feira Nova
19%
Campina Grande Galante
19%
Juazeirinho Juazeirinho
19%
Remígio Remígio
19%
Soledade Soledade
19%
São João doRio do Peixe Umari
19%
Alcantil Alcantil
17%
Barra de Santana Barra de Santana
17%
Capim Capim
17%
Manaíra Manaíra
17%
Olivedos Olivedos
17%
São Miguel de Taipu São Miguel de Taipu
17%
Condado Condado
16%
Mogeiro Gameleira
16%
Zabelê Zabelê
16%
Carrapateira Carrapateira
14%
Coremas Coremas
14%
Coxixola Coxixola
14%
Emas Emas
14%
Conde Jacumã
14%
Lagoa de Dentro Lagoa de Dentro
14%
Logradouro Logradouro
14%
Marizópolis Marizópolis
14%
Santa Rita Nossa Senhorado Livramento
14%
Cabaceiras Ribeira
14%
São Vicente do Seridó Seridó
14%
Olho d'Água Socorro
14%
Tavares Tavares
14%
Cajazeirinhas Cajazeirinhas
13%
Catingueira Catingueira
13%
Caturité Caturité
13%
Gado Bravo Gado Bravo
13%
Gurinhém Gurinhém
13%
Joca Claudino Joca Claudino
13%
Maturéia Maturéia
13%
Montadas Montadas
13%
Puxinanã Puxinanã
13%
Solânea Solânea
13%
Algodão de Jandaíra Algodão de Jandaíra
11%
Brejo dos Santos Brejo dos Santos
11%
Caldas Brandão Caldas Brandão
11%
Casserengue Casserengue
11%
Damião Damião
11%
Igaracy Igaracy
11%
Matinhas Matinhas
11%
Pilões Pilões
11%
Santana de Mangueira Santana de Mangueira
11%
São Bentinho São Bentinho
11%
São Domingos do Cariri São Domingos do Cariri
11%
São José de Espinharas São José de Espinharas
11%
Uiraúna Uiraúna
11%
Bernardino Batista Bernardino Batista
10%
Cacimba de Areia Cacimba de Areia
10%
Cacimba de Dentro Cacimba de Dentro
10%
Camalaú Camalaú
10%
Curral Velho Curral Velho
10%
Dona Inês Dona Inês
10%
Duas Estradas Duas Estradas
10%
Ibiara Ibiara
10%
Itapororoca Itapororoca
10%
Junco do Seridó Junco do Seridó
10%
Lastro Lastro
10%
Mogeiro Mogeiro
10%
Natuba Natuba
10%
Nazarezinho Nazarezinho
10%
Pedra Lavrada Pedra Lavrada
10%
Pedro Régis Pedro Régis
10%
Riacho de Santo Antônio Riacho de Santo Antônio
10%
Salgado de São Félix Salgado de São Félix
10%
São José do Bonfim São José do Bonfim
10%
São Mamede São Mamede
10%
São Sebastião deLagoa de Roça São Sebastião deLagoa de Roça
10%
São Sebastiãodo Umbuzeiro São Sebastiãodo Umbuzeiro
10%
Araçagi Araçagi
8%
Cubati Cubati
8%
Cuitegi Cuitegi
8%
Curral de Cima Curral de Cima
8%
Gurjão Gurjão
8%
Juarez Távora Juarez Távora
8%
Mãe d'Água Mãe d'Água
8%
Parari Parari
8%
Pilõezinhos Pilõezinhos
8%
Sumé Pio X
8%
Riachão do Bacamarte Riachão do Bacamarte
8%
Riachão do Poço Riachão do Poço
8%
Riacho dos Cavalos Riacho dos Cavalos
8%
Santana dos Garrotes Santana dos Garrotes
8%
São José daLagoa Tapada São José daLagoa Tapada
8%
Campina Grande São José da Mata
8%
São José de Caiana São José de Caiana
8%
São José dos Cordeiros São José dos Cordeiros
8%
Tenório Tenório
8%
Vieirópolis Vieirópolis
8%
Vista Serrana Vista Serrana
8%
Cuité de Mamanguape Cuité de Mamanguape
6%
Frei Martinho Frei Martinho
6%
Jacaraú Jacaraú
6%
Juripiranga Juripiranga
6%
Camalaú Pindurão
6%
Pirpirituba Pirpirituba
6%
Poço de José de Moura Poço de José de Moura
6%
Serra Branca Santa Luzia do Cariri
6%
São João doRio do Peixe São João doRio do Peixe
6%
São José de Princesa São José de Princesa
6%
São José dos Ramos São José dos Ramos
6%
São Vicente do Seridó São Vicente do Seridó
6%
Catolé do Rocha Coronel Maia
5%
Salgado de São Félix Dois Riachos
5%
Itabaiana Guarita
5%
Bananeiras Maia
5%
Boqueirão Marinho
5%
Umbuzeiro Mata Virgem
5%
Paulista Mimoso
5%
Imaculada Palmeira
5%
Catolé do Rocha Picos
5%
Ingá Pontina
5%
Sapé Renascença
5%
Belém Rua Nova
5%
Patos Santa Gertrudes
5%
Salgadinho São José da Batalha
5%
Serra Branca Sucuru
5%
Bonito de Santa Fé Viana
5%
Cachoeira dos Índios Balanços
3%
Mataraca Barra de Camaratuba
3%
Rio Tinto Barra do Mamanguape
3%
Marcação Camurupim
3%
Conceição Cardoso
3%
Areia Cepilho
3%
Cajazeiras Engenheiro Ávidos
3%
Catingueira Itajubatiba
3%
Cacimba de Dentro Logradouro deSão Francisco
3%
Conceição Mata Grande
3%
Areia Mata Limpa
3%
Cuité Melo
3%
Conceição Montevidéo
3%
Areia Muquém
3%
Capim Olho D'Água do Serrão
3%
Aroeiras Pedro Velho
3%
Manaíra Pelo Sinal
3%
Natuba Pirauá
3%
Mamanguape Pitanga da Estrada
3%
Santana dos Garrotes Pitombeira de Dentro
3%
Lucena Praia de Fagundes
3%
Cabedelo Renascer
3%
Bananeiras Roma
3%
Rio Tinto Salema
3%
Cachoeira dos Índios São José de Marimbas
3%
Bananeiras Taboleiro
3%
Jacaraú Timbó
3%
Pombal Várzea Comprida
3%
Diamante Vazante
3%
Caaporã Cupissura
2%
Conceição Cabaças dos Martins
0%
Cajazeiras Divinópolis
0%
Mulungu Leal-Lândia
0%
Cruz do Espírito Santo Nova Massangana
0%
Nenhum quiz correspondente encontrado
Distribuição das Pontuações
Porcentagem de Pessoas com Cada Pontuação
Percentil de Números Respondidos
Sua Pontuação Histórica
Você não jogou esse quiz